000 00348 a2200157 4500
001 186013
020 _a85-7666-333-3
040 _cMagnum
100 _aMaluhy, Suzana
240 1 0 _aCiências 8ª série
_lpor
245 1 0 _aCiências 8ª série
300 _a
440 1 _aEscala Educacional
697 _aCIÊNCIAS AMBIENTAIS
942 _cBK
999 _c186013
_d186013